000 00788nam a2200253Ia 4500
003 OSt
005 20220923223024.0
006 a|||||r|||| 00| 0
007 ta
008 220922b |||||||| |||| 00| 0 hin d
024 _a210,046
037 _cTextual
040 _aARTS
_cARTS
_bhin
041 _2hin
_ahin
082 _aO152,3N25,DD, N3
100 _aसोबती, कृष्णा
_9156318
245 0 _aदिलो दानिश
246 _aDilo dānisha
260 _aनई दिल्ली
_b राजकमल प्रका0
_c1993
300 _a197पृ.
_ccm.
650 _aहिन्दी साहित्य
_9156264
942 _hO152,3N25,DD, N3
_cTEXL
_2CC
999 _c360595
_d360595